00467nam a2200193 a 4500001001300000003000900013005001700022008004100039020001200080082001400092100002100106245002700127260002800154300000900182500003500191505001000226650001600236700002100252nice12345678IN_TiNIC20260116011258.0050524s1963 lona grp 000 0 eng  ac897.600a239bRIC1 aRichardson, Alan aChristian Apologetics. aLondonbSCM Pressc1963 a256p aincludes index and biblioraphy2 aIndex aApologetics1 aRichardson, Alan